| 000 | 02908nkm0a2200469 4500 | ||
|---|---|---|---|
| 001 | RU\NLR\bibl\2082272 | ||
| 005 | 20260407223538.0 | ||
| 020 |
_aRU _b394 _9ЛЕНИНГРАД В ВЕЛИКОЙ ОТЕЧЕСТВЕННОЙ ВОЙНЕ: Печать Ленинграда, 1941 - 1945: каталог изданий, хранящихся в фондах Государственной Публичной библиотеки, вып.2. Листовки,плакаты,открытки,альбомы/Гос.публ.б-ка им.М.Е.Салтыкова-Щедрина. - Ленинград,1972 |
||
| 035 | _a(NLR Aleph) 002066545 | ||
| 090 |
_a13295611 _c13295611 |
||
| 100 | _a20131015d1944 u y0rusy50 ca | ||
| 101 | 0 | _arus | |
| 102 | _aRU | ||
| 105 | _ay z ||||| | ||
| 135 | _acrcn 024apaba | ||
| 200 | 1 | _aГраждане! "В Ленинграде не было и нет массового распространения заразных болезней..." | |
| 210 |
_a[Ленинград] _cЛТ УН-9 _d[1944?] |
||
| 215 |
_a1 с. _d31х23 |
||
| 300 | _aПодпис: Ленинградский дом санитарного просвещения | ||
| 300 | _aНапеч. на обороте клише спичечных этикеток | ||
| 327 | 1 | _aОб обязательной санитарной обработке всех приезжающих в Ленинград | |
| 337 | _aЭлектронная копия доступна в Электронной библиотеке РНБ | ||
| 517 | 1 | _aВ Ленинграде не было и нет массового распространения заразных болезней... | |
| 540 | 1 | _aОб обязательной санитарной обработке всех приезжающих в Ленинград | |
| 606 | 1 |
_aБлокада Ленинграда _jЛистовки _z1941 - 1944 _92077679 _3RU\NLR\AUTH\661253360 |
|
| 686 | _aТ3(2)722.721,011 | ||
| 712 | 0 | 2 |
_4570 _aЛенинградский дом санитарного просвещения _3RU\NLR\AUTH\8810151403 _9797495 |
| 801 | 0 |
_aRU _bNLR _c19720101 _gPSBO |
|
| 801 | 1 |
_aRU _bNLR _c20131015 _gRCR |
|
| 852 |
_aNLR _bЛ3-330л _j22/3-2 |
||
| 856 | 0 | _uhttp://vivaldi.nlr.ru/ll000075058/view | |
| 856 | 1 | _uhttp://vivaldi.nlr.ru/ll000075058/cover | |
| 856 | 2 | _uhttp://vivaldi.nlr.ru/ll000075058/text | |
| 901 | _eКнижные издания | ||
| 942 | _cVISUAL | ||
| 945 | _aРоссийская национальная библиотека | ||
| 980 | _aBV | ||
| 980 | _aNB | ||
| 981 | 3 | 7 |
_a(37) Ленинград в Великой Отечественной войне _b(37) Листовки блокадного Ленинграда |
| 981 | 2 | 1 |
_a(21) Листовки _b(21) Листовки блокадного Ленинграда |